Bóng bàn căn bản và nâng cao

محفوظ في:
التفاصيل البيبلوغرافية
المؤلف الرئيسي: Đường, Kiến Quân
مؤلفون آخرون: Đường Kiến Quân; Tô Đình Thi
اللغة:Undetermined
منشور في: Hà Nội Thể dục thể thao 2003
الموضوعات:
الوسوم: إضافة وسم
لا توجد وسوم, كن أول من يضع وسما على هذه التسجيلة!
Thư viện lưu trữ: Trung tâm Học liệu Trường Đại học Trà Vinh
LEADER 00633nam a2200229Ia 4500
001 TVU_5113
008 210423s9999 xx 000 0 und d
041 |a Vie 
082 |a 796.334 
082 |b Q502 
100 |a Đường, Kiến Quân 
245 0 |a Bóng bàn căn bản và nâng cao 
245 0 |c Đường Kiến Quân ; Tô Đình Thi (dịch) 
260 |a Hà Nội 
260 |b Thể dục thể thao 
260 |c 2003 
300 |a 194 tr. 
300 |c 19 cm 
650 |a Bóng bàn 
700 |a Đường Kiến Quân; Tô Đình Thi  
700 |e dịch 
980 |a Trung tâm Học liệu Trường Đại học Trà Vinh